<?xml version="1.0" encoding="UTF-8"?>
<record
    xmlns:xsi="http://www.w3.org/2001/XMLSchema-instance"
    xsi:schemaLocation="http://www.loc.gov/MARC21/slim http://www.loc.gov/standards/marcxml/schema/MARC21slim.xsd"
    xmlns="http://www.loc.gov/MARC21/slim">

  <leader>04083cam a22003495i 4500</leader>
  <controlfield tag="001">16440485</controlfield>
  <controlfield tag="003">EG-ScBUE</controlfield>
  <controlfield tag="005">20250616124808.0</controlfield>
  <controlfield tag="008">100831t2011    enka   f b    001 0 eng d</controlfield>
  <datafield tag="020" ind1=" " ind2=" ">
    <subfield code="a">9780815344308 (pbk.)</subfield>
  </datafield>
  <datafield tag="040" ind1=" " ind2=" ">
    <subfield code="a">DLC</subfield>
    <subfield code="b">eng</subfield>
    <subfield code="e">rda</subfield>
    <subfield code="c">DLC</subfield>
    <subfield code="d">DLC</subfield>
    <subfield code="d">EG-ScBUE</subfield>
  </datafield>
  <datafield tag="082" ind1="0" ind2="4">
    <subfield code="a">536.7</subfield>
    <subfield code="b">DIL</subfield>
    <subfield code="2">22</subfield>
  </datafield>
  <datafield tag="100" ind1="1" ind2=" ">
    <subfield code="a">Dill, Ken A.,</subfield>
    <subfield code="e">author.</subfield>
    <subfield code="9">41867</subfield>
  </datafield>
  <datafield tag="245" ind1="1" ind2="0">
    <subfield code="a">Molecular driving forces :</subfield>
    <subfield code="b">statistical thermodynamics in biology, chemistry, physics, and nanoscience /</subfield>
    <subfield code="c">Ken A. Dill, Sarina Bromberg.</subfield>
  </datafield>
  <datafield tag="250" ind1=" " ind2=" ">
    <subfield code="a">Second edition.</subfield>
  </datafield>
  <datafield tag="264" ind1=" " ind2="1">
    <subfield code="a">London ; </subfield>
    <subfield code="a">New York : </subfield>
    <subfield code="b">Garland Science / Taylor &amp; Francis,</subfield>
    <subfield code="c">[2011]</subfield>
  </datafield>
  <datafield tag="264" ind1=" " ind2="4">
    <subfield code="c">c2011</subfield>
  </datafield>
  <datafield tag="300" ind1=" " ind2=" ">
    <subfield code="a">xx, 756 pages :</subfield>
    <subfield code="b">illustrations ;</subfield>
    <subfield code="c">28 cm</subfield>
  </datafield>
  <datafield tag="336" ind1=" " ind2=" ">
    <subfield code="2">rdacontent</subfield>
    <subfield code="a">text</subfield>
    <subfield code="b">txt</subfield>
  </datafield>
  <datafield tag="337" ind1=" " ind2=" ">
    <subfield code="a">unmediated</subfield>
    <subfield code="2">rdamedia</subfield>
    <subfield code="b">n</subfield>
  </datafield>
  <datafield tag="338" ind1=" " ind2=" ">
    <subfield code="a">volume</subfield>
    <subfield code="b">nc</subfield>
    <subfield code="2">rdacarrier</subfield>
  </datafield>
  <datafield tag="504" ind1=" " ind2=" ">
    <subfield code="a">Includes bibliographical references and index.</subfield>
  </datafield>
  <datafield tag="505" ind1="0" ind2=" ">
    <subfield code="a">Principles of probability --
Extremum principles predict equilibria --
Heat, work, &amp; energy --
Math tools : multivariate calculus --
Entropy &amp; the Boltzmann law --
Thermodynamic driving forces --
The logic of thermodynamics --
Laboratory conditions &amp; free energies --
Maxwell's relations &amp; mixtures --
The Boltzmann distribution law --
The statistical mechanics of simple gases &amp; solids --
What is temperature? : What is heat capacity? --
Chemical equilibria --
Equilibria between liquids, solids, &amp; gases --
Solutions &amp; mixtures --
Solvation &amp; the transfer of molecules between phases --
Physical kinetics : diffusion, permeation, &amp; flow --
Microscopic dynamics --
Chemical kinetics &amp; transition states --
Coulomb's law of electrostatic forces --
The electrostatic potential --
Electrochemical equilibria --
Salt ions shield charged objects in solution --
Intermolecular interactions --
Phase transitions --
Cooperativity : the helix-coil, Ising, &amp; Landau models --
Adsorption, binding, &amp; catalysis --
Multi-site &amp; cooperative Ligand binding --
Bio &amp; nano machines --
Water --
Water as a solvent --
Polymer solutions --
Polymer elasticity &amp; collapse --
Polymers resist confinement &amp; deformation.</subfield>
  </datafield>
  <datafield tag="520" ind1=" " ind2=" ">
    <subfield code="a">"Molecular driving forces, second edition is an introductory statistical thermodynamics text that describes the principles and forces that drive chemical and biological processes. The second edition includes an additional chapter on thermodynamics and two new chapters: (1)"Microscopic dynamics" which explores single molecule experiments; and (2) "Bio and nano machines" which describes the workings of biological molecules including proteins and DNA. New examples and practical applications are integrated throughout the revised and updated text, exploring topics in biology, environmental and energy science, and nanotechnology. It also includes new end-of-chapter problems, and purely mathematical topics are now in appendices. Written in a clear and reader-friendly style, the book provides an excellent introduction to the subject for novices while remaining a valuable resource for experts"--</subfield>
  </datafield>
  <datafield tag="520" ind1=" " ind2=" ">
    <subfield code="a">"This text is intended for graduate students and advanced undergraduates in physical chemistry, biochemistry, biophysics, bioengineering, polymer and materials science, pharmaceutical chemistry, chemical engineering, and environmental science. Our focus here is on molecular driving forces, which overlaps with--but is not identical to--the subject of thermodynamics. While the power of thermodynamics is its generality, the power of statistical thermodynamics is the insights it gives into microscopic interactions through the enterprise of model-making. A central theme of this book is that making models, even very simple ones, is a route to insight and to understanding how molecules work. A good theory, no matter how complex its mathematics, is usually rooted in some very simple physical idea"--</subfield>
  </datafield>
  <datafield tag="650" ind1=" " ind2="7">
    <subfield code="a">Statistical thermodynamics.</subfield>
    <subfield code="2">BUEsh</subfield>
    <subfield code="9">7020</subfield>
  </datafield>
  <datafield tag="651" ind1=" " ind2=" ">
    <subfield code="2">BUEsh</subfield>
  </datafield>
  <datafield tag="653" ind1=" " ind2=" ">
    <subfield code="b">ENGCHE</subfield>
    <subfield code="b">ENGGEN</subfield>
    <subfield code="b">GGEN</subfield>
    <subfield code="c">November2018</subfield>
  </datafield>
  <datafield tag="655" ind1=" " ind2=" ">
    <subfield code="v">Reading book</subfield>
  </datafield>
  <datafield tag="700" ind1="1" ind2=" ">
    <subfield code="a">Bromberg, Sarina,</subfield>
    <subfield code="e">author.</subfield>
    <subfield code="9">41868</subfield>
  </datafield>
  <datafield tag="942" ind1=" " ind2=" ">
    <subfield code="2">ddc</subfield>
    <subfield code="c">BB</subfield>
  </datafield>
  <datafield tag="999" ind1=" " ind2=" ">
    <subfield code="c">26928</subfield>
    <subfield code="d">26900</subfield>
  </datafield>
  <datafield tag="952" ind1=" " ind2=" ">
    <subfield code="0">0</subfield>
    <subfield code="1">0</subfield>
    <subfield code="2">ddc</subfield>
    <subfield code="4">0</subfield>
    <subfield code="7">0</subfield>
    <subfield code="8">Baccah</subfield>
    <subfield code="a">MAIN</subfield>
    <subfield code="b">MAIN</subfield>
    <subfield code="c">1ST</subfield>
    <subfield code="d">2018-11-01</subfield>
    <subfield code="e">Purchase</subfield>
    <subfield code="g">1200.00</subfield>
    <subfield code="l">0</subfield>
    <subfield code="o">536.7 DIL</subfield>
    <subfield code="p">000043742</subfield>
    <subfield code="r">2025-07-15 00:00:00</subfield>
    <subfield code="y">BB</subfield>
  </datafield>
</record>
